Catálogo
 En Linea
Vista normal Vista MARC

Entrada Nombre personal

Número de registros utilizados en: 15

001 - NÚMERO DE CONTROL

  • campo de control: 6975

003 - IDENTIFICADOR DEL NÚMERO DE CONTROL

  • campo de control: BNPHU

005 - FECHA Y HORA DE LA ÚLTIMA TRANSACCIÓN

  • campo de control: 20240313114128.0

008 - DATOS DE LONGITUD FIJA

  • campo de control de longitud fija: 200615|| aca||aabn | a|a d

010 ## - NÚMERO DE CONTROL DE LA BIBLIOTECA DEL CONGRESO

  • Número de control de LC: n 79033254

040 ## - FUENTE DE LA CATALOGACIÓN

  • Centro catalogador/agencia de origen: DO-SdBNP
  • Lengua de catalogación: spa
  • Centro/agencia transcriptor: BNPHU
  • Normas de descripción: rda

100 1# - ENCABEZAMIENTO-NOMBRE DE PERSONA

  • Nombre de persona: Dore y Cabral, Carlos

370 ## - LUGAR ASOCIADO

  • Lugar de nacimiento: Santo Domingo (República Dominicana)‏

374 ## - OCUPACIÓN

  • Ocupación: Político
  • Ocupación: Sociólogo
  • Ocupación: Escritor
  • Ocupación: Funcionario público

375 ## - GÉNERO/SEXO

  • Género/Sexo: Masculino

377 ## - LENGUA/LENGUAJE ASOCIADO

  • Código del idioma: spa

400 1# - TRAZADO DE VÉASE--NOMBRE DE PERSONA

  • Nombre de persona: Cabral, Carlos Dore y

400 1# - TRAZADO DE VÉASE--NOMBRE DE PERSONA

  • Nombre de persona: Dore Cabral, Carlos

400 1# - TRAZADO DE VÉASE--NOMBRE DE PERSONA

  • Nombre de persona: Dore, Carlos

410 ## - TRAZADO DE VÉASE--NOMBRE DE ENTIDAD CORPORATIVA

  • Nombre de entidad corporativa o nombre de jurisdicción como elemento de entrada: Cabral, Carlos Dore y

670 ## - FUENTE DE DATOS ENCONTRADOS

  • Cita de la fuente: Work cat.: (OSt)2034: Dore y Cabral, Carlos, Problemas de la estructura agraria dominicana /, 1979.

670 ## - FUENTE DE DATOS ENCONTRADOS

  • Cita de la fuente: Interpretación del proyecto de ley sobre tierras ganaderas, 1974

670 ## - FUENTE DE DATOS ENCONTRADOS

  • Cita de la fuente: Seminario sobre Políticas Agrarias (1985 : Santo Domingo, República Dominicana). Alternativas de política agraria, 1987

670 ## - FUENTE DE DATOS ENCONTRADOS

  • Cita de la fuente: Crónica de una razón apasionada, 2015

Con tecnología Koha